| 000 | 00468nam a2200181Ia 4500 | ||
|---|---|---|---|
| 005 | 20250603145743.0 | ||
| 008 | 250603s9999 xx 000 0 und d | ||
| 020 | _a978-1-59784-229-7 | ||
| 050 | _aBP 88 .G85 B4913/ | ||
| 100 | _aGulen, M. Fethullah | ||
| 245 | 0 | _aSpeech and power of expression on language : esthetics and belief | |
| 260 | _aNew Jersey | ||
| 260 | _bTughra Books | ||
| 260 | _c2011 | ||
| 300 | _a133 p | ||
| 650 | _aNew Jersey | ||
| 942 | _cBK | ||
| 999 |
_c42754 _d42754 |
||